000 00625 a2200241 4500
005 20260129111735.0
008 260128b |||||||| |||| 00| 0 eng d
020 _a9781904842071
_c£ 30.00
040 _aMAIN
082 _a572.86
_bH874W
100 _aHughes S, ed,
245 _aWhole genome amplification
260 _bScion Publishing
_c2005
_aOxfordshire
300 _axiv, 193
440 _aThe methods express series
650 _aBiochemistry
650 _aMolecular Biology
650 _aGenome
650 _aDNA Linear
700 _aLasken, R, ed.
700 _aHames, B David, S, ed.
942 _cBK
999 _c393755
_d393755